000 01289nam a2200253Ia 4500
003 Ost
005 20260507074908.0
008 260507s9999||||xx |||||||||||||| ||und||
020 _a9957116738
040 _cfsecg
041 _aara
082 _a658.8
100 _aالعمر، رضوان المحمود
_eمؤلف
245 0 _aالتسويق الدولي /
_c رضوان المحمود العمر
260 _aعمان:
_bدار وائل للنشر والتوزيع,
_c2007
300 _a346 صفحة؛
_bإيضاحات ؛
_c25 سم
504 _aكشاف مصطلحات ص.331 ببليوغرافيا: ص.337
520 _aماهية التسويق الدولي، بيئة التسويق الدولي، اتخاذ قرار التصدير، دراسة واختيار الأسواق الأجنبية، أساليب دخول الأسواق الأجنبية، سياسة المنتج الدولي، سياسة التسعير في الأسواق الدولية، سياسة التوزيع الدولي، سياسة الترويج الدولي، التسويق الدولي عبر الأنترنت
653 _aأدارة المبيعات
653 _aالتجارة الدولية
653 _aالتسويق
653 _aالتسويق الدولي
942 _cكتاب
999 _c41719
_d41719